Statystyki dla 50 największych miast Bułgarii

Kliknij tutaj aby rozwiązać quiz!

Ogólne statystyki

  • Ten quiz został rozwiązany 32 razy
  • Średni wynik to 5 z 50

Statystyki odpowiedzi

L.p.PopulacjaMiasto% Poprawnych
11,204,685Sofia
100%
4200,271Burgas
58%
3334,870Varna
58%
2338,153Plovdiv
42%
3133,880Razgrad
29%
5149,642Ruse
26%
6138,272Stara Zagora
26%
7106,954Pleven
23%
1276,397Haskovo
16%
2443,781Montana
16%
2048,071Vidin
16%
1180,191Pernik
13%
1672,653Veliko Tarnovo
13%
1570,881Blagoevgrad
10%
991,030Dobrich
10%
1858,930Gabrovo
10%
1080,855Shumen
10%
891,620Silven
10%
2147,325Kazanlak
6%
2244,532Kyustendil
6%
1471,979Pazardzhik
6%
2637,611Targovishte
6%
1374,132Yambol
6%
4420,444Botevgrad
3%
2935,506Dupnitsa
3%
2343,880Kardzhali
3%
2736,600Lovech
3%
4123,325Nova Zagora
3%
2835,607Silistra
3%
3330,642Smolyan
3%
1760,692Vratsa
3%
1950,846Asenovgrad
0%
4320,930Aytos
0%
2538,785Dimitrovgrad
0%
3232,079Gorna Oryahovitsa
0%
4519,721Gotse Delchev
0%
4718,360Harmanli
0%
3923,797Karlovo
0%
4818,214Karnobat
0%
3823,836Lom
0%
5017,675Panagyurishte
0%
4619,288Peshtera
0%
3429,836Petrich
0%
3626,061Samokov
0%
3526,959Sandanski
0%
3723,908Sevlievo
0%
4918,005Svilengrad
0%
3034,842Svishtov
0%
4221,723Troyan
0%
4023,479Velingrad
0%

Rozkład punktacji

Percentyl według liczby udzielonych odpowiedzi

Procent ludzi z każdym wynikiem

Twoja historia wyników

Nie rozwiązałeś tego quizu